000 00518nam a2200181Ia 4500
999 _c28565
_d28565
003 OSt
005 20201208105358.0
008 190216s9999||||xx |||||||||||||| ||und||
020 _a9788126412020
040 _coclc
082 _a894.8124
_bJOS/P
100 _aJoseph, K Babu
_97087
245 0 _aParinamam Sidhanthamalla Niyamamanu /
_cK Babu Joseph
260 _bDc Books,
_aKottayam:
_c2006.
300 _a132p
650 _aLekhanam
942 _cBK
_2ddc
_h894.8124
_iJOS/P
_k894.8124
_mJOS/P